00663nam a2200241 a 4500001001300000003000900013005001700022008004100039020001000080082001700090100002200107245001600129260003300145300000900178500003500187505002700222650002300249700002200272902000800294942000700302952009700309999001500406nice12345678IN_TiNIC20260116011400.0050524s1924 azaa grp 000 0 urd  ac10000a181.07bANS1 aAnsari, Md Younus aIbn-E-Rushd aAzamgarhbMatba Maarifc1924 a389p aincludes index and biblioraphy2 aPlus Some Other Tracts aPhilosophy-Islamic1 aAnsari, Md Younus bSRS cBK 00104070aHMIbHMId2007-03-16g100.00l0o181.07 ANS1p4132r2007-03-16w2026-01-16yARB c1047d1047